000
00252nam a22001217a 4500
008
180126b xxu||||| |||| 00| 0 eng d
041
_a
eng
080
_a
7
100
_a
44
101
_a
ART
245
_a
Giorgio morandi
_c
Giuffre.G
942
_2
udc
_c
BK
999
_c
41009
_d
41009